Normal view MARC view
  • KHAN ,TAHIR MEHMOOD

Entry Personal Name

Number of records used in: 1

001 - CONTROL NUMBER

  • control field: 122190

003 - CONTROL NUMBER IDENTIFIER

  • control field: NUST

005 - DATE AND TIME OF LATEST TRANSACTION

  • control field: 20240325095122.0

008 - FIXED-LENGTH DATA ELEMENTS

  • fixed length control field: 240325|| aca||aabn | a|a d

040 ## - CATALOGING SOURCE

  • Original cataloging agency: NUST
  • Transcribing agency: NUST

100 ## - HEADING--PERSONAL NAME

  • Personal name: KHAN ,TAHIR MEHMOOD

670 ## - SOURCE DATA FOUND

  • Source citation: Work cat.: (NUST): KHAN ,TAHIR MEHMOOD, Study of granular drag force for in-line and side-by-side arrangements of intruders using Discrete Element Method /
© 2023 Central Library, National University of Sciences and Technology. All Rights Reserved.